| 000 | 01543nam a2200361 a 4500 | ||
|---|---|---|---|
| 001 | ebr10490042 | ||
| 003 | CaPaEBR | ||
| 006 | m u | ||
| 007 | cr cn||||||||| | ||
| 008 | 071018s2007 enka sb 001 0 eng d | ||
| 010 | _z 2007281265 | ||
| 020 | _z0567031306 | ||
| 020 | _z9780567031303 | ||
| 040 |
_aCaPaEBR _cCaPaEBR |
||
| 035 | _a(OCoLC)747431459 | ||
| 050 | 1 | 4 |
_aBS2589 _b.S64 2007eb |
| 082 | 0 | 4 |
_a226.4/06 _222 |
| 100 | 1 | _aSpencer, Patrick E. | |
| 245 | 1 | 0 |
_aRhetorical texture and narrative trajectories of the Lukan Galilean ministry speeches _h[electronic resource] : _bhermeneutical appropriation by authorial readers of Luke-Acts / _cPatrick E. Spencer. |
| 260 |
_aLondon ; _aNew York : _bT & T Clark, _cc2007. |
||
| 300 |
_axiv, 248 p. : _bill. |
||
| 490 | 1 |
_aLibrary of New Testament studies ; _v341 |
|
| 490 | 1 | _aT & T Clark library of biblical studies | |
| 504 | _aIncludes bibliographical references and indexes. | ||
| 533 |
_aElectronic reproduction. _bPalo Alto, Calif. : _cebrary, _d2013. _nAvailable via World Wide Web. _nAccess may be limited to ebrary affiliated libraries. |
||
| 630 | 0 | 0 |
_aBible. _pN.T. _pLuke _xCriticism, interpretation, etc. |
| 650 | 0 | _aRhetoric in the Bible. | |
| 655 | 7 |
_aElectronic books. _2local |
|
| 710 | 2 | _aebrary, Inc. | |
| 830 | 0 |
_aLibrary of New Testament studies ; _v341. |
|
| 830 | 0 | _aT & T Clark library of biblical studies. | |
| 856 | 4 | 0 |
_uhttp://site.ebrary.com/lib/rucke/Doc?id=10490042 _zAn electronic book accessible through the World Wide Web; click to view |
| 999 |
_c127208 _d127208 |
||